| 000 | 01003nam a2200301 i 4500 | ||
|---|---|---|---|
| 001 | 000029794 | ||
| 003 | DO-SdBNP | ||
| 005 | 20251106123659.0 | ||
| 007 | ta | ||
| 008 | 110426s20uu dr 000 0 spa d | ||
| 040 |
_aDO-SdBNP _bspa _cBNPHU _erda |
||
| 041 | _aspa | ||
| 082 |
_axxx _bF718a _222 |
||
| 100 | 1 |
_aForestieri S., Rolando _eautor _956547 |
|
| 245 | 1 | 4 |
_aLos aportes de Grecia a la democracia / _cRolando Forestieri s. |
| 264 |
_a[Santo Domingo ] : _bSociedad Dominicana de Estudios Helénisticos, _c[200?]. |
||
| 300 |
_a36 páginas ; _c21 cm. |
||
| 336 |
_ardacontent _btexto _2txt |
||
| 337 |
_ardamedia _bsin mediación _2n |
||
| 338 |
_ardacarrier _bvolumen _2nc |
||
| 490 |
_aMonografía _v1 _arecordando a los griegos |
||
| 500 | _aCiclo de conferencias sobre la vida y la cultura del pueblo griego | ||
| 504 | _aBibliografía : página 36 | ||
| 590 | _aInventariado,. 2025/DG | ||
| 830 | 0 |
_aMonografía _v1 _precordando a los griegos _956548 |
|
| 910 | _aDG | ||
| 942 |
_2ddc _cLF2 |
||
| 999 |
_c29286 _d29286 |
||